(مقالات حالی (حصہ اول (Record no. 174406)
[ view plain ]
| 000 -LEADER | |
|---|---|
| fixed length control field | 00586nam a22002177a 4500 |
| 005 - DATE AND TIME OF LATEST TRANSACTION | |
| control field | 20200612121231.0 |
| 010 ## - LCCN (DPL NO) | |
| LC control number | 173034 |
| 020 ## - INTERNATIONAL STANDARD BOOK NUMBER | |
| Terms of availability | 3.25 |
| 035 ## - SYSTEM CONTROL NUMBER | |
| System control number | 173034 |
| 037 ## - SOURCE OF ACQUISITION | |
| Source of stock number/acquisition | Cen Lib/Ret |
| 082 ## - DEWEY DECIMAL CLASSIFICATION NUMBER | |
| Classification number | 844 |
| 245 ## - TITLE STATEMENT | |
| Title | (مقالات حالی (حصہ اول |
| 246 ## - VARYING FORM OF TITLE | |
| Title proper/short title | Muqalate Haali (vol.I) |
| 260 ## - PUBLICATION, DISTRIBUTION, ETC. (IMPRINT) | |
| Place of publication, distribution, etc | Aligarh |
| Name of publisher, distributor, etc | Anjuman Taraqqi Urdu Hind |
| Date of publication, distribution, etc | 1957 ء |
| 300 ## - PHYSICAL DESCRIPTION | |
| Extent | 368p. |
| Dimensions | 19cm(Hb) |
| 650 ## - SUBJECT ADDED ENTRY--TOPICAL TERM | |
| Topical term or geographic name as entry element | ادب - اردو |
| 650 ## - SUBJECT ADDED ENTRY--TOPICAL TERM | |
| Topical term or geographic name as entry element | اردو افسانہ |
| 650 ## - SUBJECT ADDED ENTRY--TOPICAL TERM | |
| Topical term or geographic name as entry element | Literature -- Urdu |
| 650 ## - SUBJECT ADDED ENTRY--TOPICAL TERM | |
| Topical term or geographic name as entry element | Urdu stories |
| 942 ## - ADDED ENTRY ELEMENTS (KOHA) | |
| Source of classification or shelving scheme | Dewey Decimal Classification |
| Item type | Urdu Bks |
| Classification part | 844 |
| Call number suffix | ح ا ل |
| Withdrawn status | Lost status | Not for loan | Collection code | Home library | Current library | Date acquired | Source of acquisition | Cost, normal purchase price | Full call number | Barcode | Copy number | Cost, replacement price | Koha item type |
|---|---|---|---|---|---|---|---|---|---|---|---|---|---|
| Non-fiction | Central Library | Central Library | 12/06/2020 | BPPD/Ven. | 3.25 | 844 ح ا ل | 173034 | 1 | 3.25 | Urdu Bks |
